Naša mládež príloha Serafinského Sveta

Bibliographic Details
Other Authors: Mattoška, Libor Jozef, 1891-1958 (Publishing director), Béda, P. (Publishing director)
Format: Journal
Language:Slovak
PhysicalDescription:4 zv. 25 cm
Published: Kremnica Rád sv. Františka na Slovensku 1936-1938
Malacky Internát františkánskeho gymnázia
Subjects:

MARC

LEADER 00000cas a2200000 a 4500
001 vtls010298253
003 SK-MaSNL
005 20260228162719.0
008 180220d19361938xo mr|p 0 b0slo
040 |a SNK  |b slo  |c SNK  |e AACR2 
041 0 |a slo 
044 |a xo  |c SK 
072 7 |a 271/279  |x Kresťanské cirkvi, sekty, denominácie  |2 konspekt 
072 7 |a 2  |x Náboženstvo  |2 konspekt 
080 |a 614.253.4  |2 2001 
080 |a 271/279  |2 2001 
080 |a 050  |2 2001 
080 |a 82-97  |2 2001 
245 0 0 |a Naša mládež  |b príloha Serafinského Sveta 
260 |a Kremnica  |b Rád sv. Františka na Slovensku  |c 1936-1938 
260 3 |3 1/1936-1938  |a Malacky  |b Internát františkánskeho gymnázia 
300 |a 4 zv.  |c 25 cm 
310 |a 1x mesačne 
362 0 |a Roč. I, č. 1 (január 1936)-roč. IV, č. 4 (december 1938) 
500 |a Zmena podnázvu od č. 1/1936: zábavno poučný mesačník študentov v Malackách 
500 |a Zodp. red.: 1/1936-4/1938, Páter Bohuznámy [Libor J. Mattoška] 
500 |a Vyd.: Rád sv. Františka na Slovensku; od 1/1936 Internát františkánskeho gymnázia v Malackách 
500 |a Tlač.: Slovenská kníhtlačiareň, Zvolen; od 1/1936 A. Wiesner Malacky; od 4/1936 Unia, Bratislava 
500 |a Red.: 1/1936-4/1938, P. Béda 
500 |a Periodikum vychádzalo ako príloha Serafinského Sveta 
610 2 7 |a Katolícka cirkev  |2 SNKKA  |9 206702 
610 2 7 |a Františkáni  |2 SNKKA  |9 174796 
650 0 7 |a náboženstvo  |2 SNKPH  |9 2023 
655 7 |a náboženské časopisy  |2 SNKPH  |9 70790 
700 1 |a Mattoška, Libor Jozef,  |d 1891-1958  |4 pbd  |9 172897 
700 1 |a Béda, P.  |4 pbd  |9 271899 
772 0 0 |t Serafínsky svet  |w vtls010302163 
910 |a snk 
916 |a 1936-1938 
958 |a OND 
999 |c 8243  |d 10173 
952 |0 0  |1 0  |4 0  |7 0  |a SNK  |b SNK  |d 2014-07-30  |f 1  |i snkF 550/81  |l 0  |o snkČSB 2716/1/1936  |p 17A0847627  |r 2026-02-21 21:33:03  |t č. 1-6  |w 2026-02-21  |y PREZ 
952 |0 0  |1 0  |4 0  |7 0  |8 5  |a SNK  |b SNK  |d 2014-07-30  |f 1  |i snkF 614/81  |l 0  |o snkČSB 2716/2/1936-37  |p 17A0847630  |r 2026-02-21 21:33:03  |t č. 1-10  |w 2026-02-21  |y PREZ 
952 |0 0  |1 0  |4 0  |7 0  |8 5  |a SNK  |b SNK  |d 2014-07-30  |f 1  |i snkF 191/81  |l 0  |o snkČSB 2716/3/1937-38  |p 17A0847624  |r 2026-02-21 21:33:03  |t č. 1-10, neúplné  |w 2026-02-21  |y PREZ  |z obsahuje iba č. 9 
952 |0 0  |1 0  |4 0  |7 0  |8 5  |a SNK  |b SNK  |d 2014-07-30  |f 1  |i snkF 192/81  |l 0  |o snkČSB 2716/4/1938  |p 17A0847621  |r 2026-02-21 21:33:03  |t č. 1-4  |w 2026-02-21  |y PREZ 
952 |0 0  |1 0  |3 poškodená väzba  |4 0  |7 0  |8 5  |a SNK  |b SNK  |d 2016-01-12  |i snkF 4259/78  |l 0  |o snkČSB 2716/2/1936-37 D1  |p 17A1149205  |r 2026-02-21 21:53:39  |t č. 1-9, neúplný  |w 2026-02-21  |y PREZ  |z chýba č. 1,4,5,6,8